000
00237 a2200109 4500
001
125576
040
_c
Escola Canadense de Niteroi
090
_a
MP
100
_a
Adams, Simon
245
1
0
_a
Mais sensacional Atlas do Mundo
942
_c
MATP
999
_c
125576
_d
125576